[Event "Gibtelecom Masters"]
[Site "Gibraltar"]
[Date "2009.01.29"]
[Round "3.15"]
[White "Berg, Emanuel"]
[Black "Houska, Jovanka"]
[Result "1/2-1/2"]
[WhiteElo "2606"]
[BlackElo "2392"]
[PlyCount "52"]
[EventDate "2009.01.27"]

1. e4 c6 2. d4 d5 3. Nc3 dxe4 4. Nxe4 Bf5 5. Nc5 b6 6. Nb3 Nf6 7. Nf3 e6 8. g3
a5 9. Bg2 a4 10. Nbd2 a3 11. O-O Be7 12. bxa3 O-O 13. c4 Bxa3 14. Qb3 Be7 15.
Bb2 h6 16. Ne5 Qc7 17. f4 Nfd7 18. g4 Bh7 19. Rae1 Nxe5 20. fxe5 Qa7 21. a3 Qa4
22. Qxb6 Ra6 23. Qb7 Ra7 24. Qb6 Ra6 25. Qb7 Ra7 26. Qb6 Ra6 1/2-1/2

[Event "Gibtelecom Masters"]
[Site "Gibraltar"]
[Date "2009.01.29"]
[Round "3.18"]
[White "Pavlovic, Milos"]
[Black "Quillan, Gary"]
[Result "0-1"]
[WhiteElo "2520"]
[BlackElo "2357"]
[PlyCount "64"]
[EventDate "2009.01.27"]

1. Nf3 Nf6 2. c4 e6 3. b3 d5 4. g3 c5 5. Bg2 Nc6 6. O-O Bd6 7. cxd5 exd5 8. d4
cxd4 9. Nxd4 O-O 10. Ba3 Re8 11. Bxd6 Qxd6 12. Nc3 Bg4 13. h3 Nxd4 14. Qxd4
Bxe2 15. Rfe1 Ba6 16. Rad1 Rxe1+ 17. Rxe1 Rd8 18. Re5 b6 19. Nxd5 Kf8 20. Qc3
Rc8 21. Qb2 Nd7 22. Re3 Rd8 23. Ne7 Nf6 24. Nf5 Qb4 25. g4 Rd1+ 26. Kh2 Qf4+
27. Ng3 Qd6 28. Qc3 Nd5 29. Bxd5 Rxd5 30. Kg2 Bb7 31. f3 Rd2+ 32. Re2 Rd3 0-1

[Event "Gibtelecom Masters"]
[Site "Gibraltar"]
[Date "2009.01.29"]
[Round "3.19"]
[White "Szabo, Krisztian"]
[Black "Fruebing, Stefan"]
[Result "1-0"]
[WhiteElo "2508"]
[BlackElo "2307"]
[PlyCount "83"]
[EventDate "2009.01.27"]

1. e4 c5 2. Nf3 d6 3. d4 cxd4 4. Nxd4 Nf6 5. Nc3 g6 6. Be3 Bg7 7. f3 O-O 8. Qd2
Nc6 9. Bc4 Bd7 10. O-O-O Rc8 11. Bb3 Nxd4 12. Bxd4 b5 13. Nd5 Nxd5 14. Bxg7
Kxg7 15. exd5 a5 16. a3 b4 17. axb4 axb4 18. Qxb4 Kg8 19. Rhe1 Re8 20. Rd4 Rc5
21. Bc4 Qa8 22. Kd2 Qa7 23. b3 Rb8 24. Qc3 Bb5 25. h4 Bxc4 26. bxc4 Rb7 27. Ra1
Qb6 28. h5 Qd8 29. hxg6 fxg6 30. Qe3 Qc8 31. Qh6 Qf8 32. Rh1 Qxh6+ 33. Rxh6
Rbc7 34. Kd3 Ra5 35. Rdh4 e6 36. dxe6 Re5 37. Re4 Rxe4 38. Kxe4 Rxc4+ 39. Kd5
Rxc2 40. e7 Re2 41. Kxd6 Kg7 42. Rh4 1-0

[Event "Gibtelecom Masters"]
[Site "Gibraltar"]
[Date "2009.01.29"]
[Round "3.22"]
[White "Hartvig, Ove Weiss"]
[Black "Del Rio De Angelis, Salvad"]
[Result "0-1"]
[WhiteElo "2237"]
[BlackElo "2532"]
[PlyCount "88"]
[EventDate "2009.01.27"]

1. e4 c6 2. d4 g6 3. Nc3 Bg7 4. Be3 Qb6 5. a3 d6 6. Bc4 Nf6 7. f3 d5 8. Bb3
dxe4 9. Qd2 O-O 10. O-O-O exf3 11. Nxf3 Bg4 12. Rhf1 Qa5 13. h3 Bxf3 14. Rxf3
e6 15. Kb1 Nbd7 16. Rdf1 Qa6 17. Bg5 Nd5 18. Nxd5 cxd5 19. Be7 Rfe8 20. Bg5 f6
21. Bh6 b5 22. h4 Re7 23. h5 Bxh6 24. Qxh6 Rg7 25. hxg6 Rxg6 26. Qh3 Qd6 27.
Re1 f5 28. Rfe3 Re8 29. c3 Nf6 30. Bd1 Re7 31. Bf3 a5 32. Qh4 Ne4 33. Kc2 b4
34. axb4 axb4 35. g4 bxc3 36. Bxe4 Rxg4 37. Qf2 dxe4 38. Rxc3 Rc7 39. Ree3 Rgg7
40. Rh3 f4 41. Rxc7 Rxc7+ 42. Kb1 e3 43. Qg2+ Rg7 44. Qe4 Qd5 0-1

[Event "Gibtelecom Masters"]
[Site "Gibraltar"]
[Date "2009.01.29"]
[Round "3.24"]
[White "Obers, Frits"]
[Black "Cramling, Pia"]
[Result "0-1"]
[WhiteElo "2107"]
[BlackElo "2548"]
[PlyCount "42"]
[EventDate "2009.01.27"]

1. c4 e5 2. g3 Nf6 3. Bg2 Nc6 4. Nc3 Bc5 5. e3 d5 6. cxd5 Nb4 7. d3 O-O 8. a3
Nbxd5 9. Nxd5 Nxd5 10. Qc2 Bb6 11. Nf3 Re8 12. O-O c6 13. Re1 Bg4 14. Nd2 Qd7
15. b3 Rad8 16. Nc4 Nc7 17. Nxb6 axb6 18. Bf1 Ne6 19. Bb2 Ng5 20. Rec1 Nf3+ 21.
Kh1 Re6 0-1

[Event "Gibtelecom Masters"]
[Site "Gibraltar"]
[Date "2009.01.29"]
[Round "3.26"]
[White "Obiamiwe, Paul"]
[Black "Berczes, David"]
[Result "0-1"]
[WhiteElo "2035"]
[BlackElo "2513"]
[PlyCount "74"]
[EventDate "2009.01.27"]

1. Nf3 Nf6 2. c4 e6 3. g3 d5 4. Bg2 Be7 5. O-O O-O 6. Qc2 d4 7. d3 c5 8. e3 Nc6
9. a3 a5 10. exd4 cxd4 11. b3 Nd7 12. Re1 e5 13. Nbd2 Rb8 14. h3 Re8 15. Rb1
Qc7 16. Nf1 b6 17. N1h2 Bb7 18. Qe2 Rf8 19. Ng5 h6 20. Ngf3 f5 21. Nh4 Bxh4 22.
Bd5+ Kh8 23. Bxh6 gxh6 24. Qh5 Bg5 25. h4 Nf6 26. Qd1 Bxh4 27. gxh4 Nxd5 28.
cxd5 Rg8+ 29. Kf1 Ne7 30. Rc1 Qd6 31. Nf3 Bxd5 32. Nxe5 Bg2+ 33. Kg1 Qd5 34.
Kh2 Qd6 35. f4 Bd5 36. Qh5 Rg2+ 37. Kh3 Rbg8 0-1

[Event "Gibtelecom Masters"]
[Site "Gibraltar"]
[Date "2009.01.29"]
[Round "3.28"]
[White "Arakhamia-Grant, Ketevan"]
[Black "Knight, Simon"]
[Result "1-0"]
[WhiteElo "2500"]
[BlackElo "2148"]
[PlyCount "61"]
[EventDate "2009.01.27"]

1. e4 c5 2. Nf3 a6 3. c4 e6 4. Nc3 Qc7 5. Be2 Nc6 6. d4 cxd4 7. Nxd4 Bb4 8. O-O
Nf6 9. Bg5 Be7 10. Be3 b6 11. Rc1 Nxd4 12. Bxd4 d6 13. f3 O-O 14. Qd2 Rd8 15.
Rfd1 Bd7 16. Bf1 Be8 17. Qf2 Rab8 18. Kh1 Qb7 19. a4 Nd7 20. Qg3 Bf8 21. b4
Rbc8 22. Rb1 Ne5 23. c5 Nc6 24. Bf6 Rd7 25. b5 Kh8 26. bxc6 Rxc6 27. Bg5 Rxc5
28. Ne2 Rdc7 29. Bd8 Bxa4 30. Bxc7 Bxd1 31. Bxd6 1-0

[Event "Gibtelecom Masters"]
[Site "Gibraltar"]
[Date "2009.01.29"]
[Round "3.29"]
[White "Kiik, Kalle"]
[Black "Bates, Caspar J"]
[Result "1-0"]
[WhiteElo "2466"]
[BlackElo "2142"]
[PlyCount "99"]
[EventDate "2009.01.27"]

1. g3 e5 2. c4 Nc6 3. Bg2 Nf6 4. Nc3 Bb4 5. Nd5 O-O 6. Nxb4 Nxb4 7. d3 c5 8.
Nf3 d6 9. O-O Nc6 10. h3 h6 11. e4 Nh7 12. Kh2 f5 13. exf5 Bxf5 14. Nh4 Be6 15.
Be4 g5 16. Qh5 Qf6 17. Ng6 Rf7 18. f4 Bf5 19. Bd2 Bxe4 20. dxe4 Rg7 21. f5 Ne7
22. Nxe7+ Rxe7 23. Rad1 Kg7 24. Be3 b6 25. b3 Rd7 26. h4 Rf8 27. Kg2 Qf7 28.
Qf3 Kf6 29. Rh1 Qg7 30. Qh5 Rh8 31. Rh2 Rdd8 32. Kf2 Ke7 33. hxg5 Nxg5 34. Qg4
Rdg8 35. Rh5 Qf6 36. Rdh1 Nf7 37. Qh4 Rh7 38. Qxf6+ Kxf6 39. Kf3 Rhg7 40. R1h3
Rh7 41. g4 a6 42. Bxh6 Rgh8 43. g5+ Ke7 44. Kg4 Ke8 45. Bg7 Rxh5 46. Rxh5 Rxh5
47. Kxh5 b5 48. Bf6 bxc4 49. g6 Kf8 50. bxc4 1-0

[Event "Gibtelecom Masters"]
[Site "Gibraltar"]
[Date "2009.01.29"]
[Round "3.31"]
[White "Bruno, Fabio"]
[Black "Samuelsson, Sven-Gunnar"]
[Result "1-0"]
[WhiteElo "2460"]
[BlackElo "2142"]
[PlyCount "75"]
[EventDate "2009.01.27"]

1. d4 d5 2. Bf4 Nf6 3. e3 g6 4. Be2 Bg7 5. Nf3 O-O 6. O-O c5 7. c3 b6 8. Nbd2
Nc6 9. Ne5 Bb7 10. b4 Nd7 11. Nxd7 Qxd7 12. bxc5 bxc5 13. Nb3 c4 14. Nc5 Qc8
15. Bf3 Nd8 16. Nxb7 Qxb7 17. Qb1 Qd7 18. e4 e6 19. a4 Nc6 20. exd5 exd5 21.
Qb5 Rfd8 22. Rab1 Rac8 23. Qa6 Qf5 24. Bg3 Bxd4 25. cxd4 Nxd4 26. Rbc1 Nxf3+
27. gxf3 Qxf3 28. Rfe1 d4 29. Rxc4 Rxc4 30. Qxc4 d3 31. Qh4 Rc8 32. Qf4 Qd5 33.
Qe3 h5 34. Rd1 Rd8 35. Qe7 Rd7 36. Qf6 Qe4 37. Rb1 Rb7 38. Rxb7 1-0

[Event "Gibtelecom Masters"]
[Site "Gibraltar"]
[Date "2009.01.29"]
[Round "3.32"]
[White "Socko, Monika"]
[Black "Green, Andrew D"]
[Result "1-0"]
[WhiteElo "2449"]
[BlackElo "2136"]
[PlyCount "95"]
[EventDate "2009.01.27"]

1. d4 Nf6 2. c4 g6 3. Nc3 Bg7 4. e4 d6 5. Nf3 O-O 6. Be2 Bg4 7. Be3 Nfd7 8. Ng1
Bxe2 9. Ngxe2 c5 10. O-O Nc6 11. d5 Nce5 12. b3 a6 13. h3 Nf6 14. a4 b5 15.
axb5 axb5 16. Rxa8 Qxa8 17. cxb5 Qa3 18. f4 Ned7 19. Qc2 Nb6 20. Rb1 Nfd7 21.
Kh2 Ra8 22. Bd2 Nf8 23. Nd1 e6 24. dxe6 Nxe6 25. Ne3 Nd4 26. Nxd4 cxd4 27. Nd5
Nxd5 28. exd5 Qc5 29. Qc4 Rb8 30. Ra1 Qxb5 31. Ra8 Qb7 32. Rxb8+ Qxb8 33. b4 h5
34. b5 Bf6 35. Qc6 Bd8 36. Qe8+ Kg7 37. Ba5 d3 38. Bxd8 d2 39. Bf6+ Kxf6 40.
Qxb8 d1=Q 41. Qxd6+ Kg7 42. Qe5+ Kg8 43. d6 h4 44. Qe8+ Kg7 45. d7 Qd2 46. d8=Q
Qxf4+ 47. Kg1 Qc1+ 48. Kf2 1-0

[Event "Gibtelecom Masters"]
[Site "Gibraltar"]
[Date "2009.01.29"]
[Round "3.33"]
[White "Bellon Lopez, Juan Manuel"]
[Black "Almond, Richard J"]
[Result "1-0"]
[WhiteElo "2440"]
[BlackElo "2126"]
[PlyCount "50"]
[EventDate "2009.01.27"]

1. d4 d5 2. c4 e6 3. Nc3 Nf6 4. Bg5 Be7 5. e3 O-O 6. Nf3 Nbd7 7. Rc1 b6 8. cxd5
exd5 9. Bb5 Bb7 10. O-O c6 11. Ba4 Rc8 12. Bc2 c5 13. Bf5 g6 14. Bh3 Ra8 15.
Qa4 a6 16. dxc5 Nxc5 17. Qd4 Ne6 18. Bxe6 fxe6 19. Na4 b5 20. Nc5 Bc8 21. Ne5
Qe8 22. Bh6 Rf7 23. Nxf7 Qxf7 24. Nd3 Ne4 25. Rc7 Qe8 1-0

[Event "Gibtelecom Masters"]
[Site "Gibraltar"]
[Date "2009.01.29"]
[Round "3.34"]
[White "Vea, Odin Blikra"]
[Black "Devereaux, Maxim L"]
[Result "1/2-1/2"]
[WhiteElo "2169"]
[BlackElo "2437"]
[PlyCount "86"]
[EventDate "2009.01.27"]

1. e4 c5 2. Nf3 Nc6 3. d4 cxd4 4. Nxd4 Nf6 5. Nc3 e5 6. Ndb5 d6 7. Bg5 a6 8.
Na3 b5 9. Bxf6 gxf6 10. Nd5 f5 11. Bd3 Be6 12. c3 Bg7 13. Qh5 f4 14. O-O Ne7
15. Rfd1 O-O 16. Nxe7+ Qxe7 17. Nc2 Qd7 18. Qe2 Kh8 19. Nb4 Rg8 20. f3 Bf6 21.
Kh1 Rg6 22. Nd5 Bd8 23. a4 Rb8 24. axb5 axb5 25. Ra3 Rh6 26. Qd2 Bxd5 27. exd5
Bb6 28. Qc2 Qd8 29. Bf5 Qh4 30. Bh3 Rg6 31. Rda1 Kg7 32. Bf5 Rh6 33. Bh3 Be3
34. Qe2 Rg6 35. Rb3 Kh6 36. Rxb5 Rxb5 37. Qxb5 Qf2 38. Rf1 Qd2 39. Qe8 Kg7 40.
Qb5 h5 41. Ra1 Kh6 42. Qb7 Kg7 43. Qb5 Kh6 1/2-1/2

[Event "Gibtelecom Masters"]
[Site "Gibraltar"]
[Date "2009.01.29"]
[Round "3.35"]
[White "Byron, Alan M"]
[Black "Sachdev, Tania"]
[Result "0-1"]
[WhiteElo "2162"]
[BlackElo "2435"]
[PlyCount "99"]
[EventDate "2009.01.27"]

1. c4 e5 2. Nc3 Nf6 3. g3 d5 4. cxd5 Nxd5 5. Bg2 Nb6 6. Nf3 Nc6 7. O-O Be7 8.
a3 Be6 9. b4 a5 10. b5 Nd4 11. Rb1 f6 12. d3 O-O 13. e3 Nxf3+ 14. Bxf3 Qc8 15.
Qc2 Rd8 16. a4 Kh8 17. Bb2 Rb8 18. Rfd1 Bg4 19. Qe2 Bxf3 20. Qxf3 Qe6 21. g4
Bb4 22. Qe4 Nc8 23. Qf3 Rd7 24. Ne4 Nb6 25. Bc3 Bxc3 26. Nxc3 Rbd8 27. Qe4 Rd6
28. h3 Qc8 29. Ne2 R8d7 30. Rb3 Qg8 31. Rdb1 Qd5 32. Nc3 Qxe4 33. Nxe4 Rxd3 34.
Rxd3 Rxd3 35. Rc1 Nd5 36. b6 Nxb6 37. Nc5 Ra3 38. Nxb7 Rxa4 39. Rxc7 Ra1+ 40.
Kg2 a4 41. Nc5 h6 42. Rb7 Nd5 43. Ra7 a3 44. Nb3 Ra2 45. Kf3 Nc3 46. Rc7 Rc2
47. Rc8+ Kh7 48. Rc7 a2 49. e4 Rc1 50. Nxc1 0-1

[Event "Gibtelecom Masters"]
[Site "Gibraltar"]
[Date "2009.01.29"]
[Round "3.36"]
[White "Perez Aleman, Pedro Tomas"]
[Black "Hommeles, Theo"]
[Result "0-1"]
[WhiteElo "2160"]
[BlackElo "2410"]
[PlyCount "54"]
[EventDate "2009.01.27"]

1. Nf3 d5 2. d4 Nf6 3. c4 c6 4. Nc3 e6 5. Bg5 h6 6. Bh4 dxc4 7. e4 g5 8. Bg3 b5
9. Be2 Bb7 10. h4 g4 11. Ne5 Rg8 12. Nxg4 Nbd7 13. O-O Bb4 14. d5 Nxg4 15. Bxg4
Nf6 16. Bf3 Bxc3 17. bxc3 cxd5 18. exd5 Nxd5 19. Qb1 Qb6 20. Be5 O-O-O 21. Bd4
Nxc3 22. Bxb6 Bxf3 23. Qe1 Rxg2+ 24. Kh1 Rdg8 25. Qxc3 Rg1+ 26. Kh2 R8g2+ 27.
Kh3 Bg4# 0-1

[Event "Gibtelecom Masters"]
[Site "Gibraltar"]
[Date "2009.01.29"]
[Round "3.37"]
[White "Perez Ponsa, Federico"]
[Black "Flores Chico, Jorge"]
[Result "1-0"]
[WhiteElo "2390"]
[BlackElo "2121"]
[PlyCount "52"]
[EventDate "2009.01.27"]

1. e4 e6 2. d4 d5 3. Nc3 Nf6 4. e5 Nfd7 5. f4 c5 6. Nf3 Nc6 7. Be3 Qb6 8. Na4
Qa5+ 9. c3 cxd4 10. b4 Qc7 11. Nxd4 a6 12. a3 b5 13. Nb2 g5 14. Nxc6 gxf4 15.
Bd4 Qxc6 16. Nd3 Bg7 17. Qg4 Rg8 18. Be2 Bb7 19. Qh4 Qc7 20. Qxf4 O-O-O 21.
Qxf7 Rdf8 22. Qxe6 Kb8 23. Rf1 Re8 24. Qf7 Ref8 25. Qh5 Re8 26. Rf7 Qc6 1-0

[Event "Gibtelecom Masters"]
[Site "Gibraltar"]
[Date "2009.01.29"]
[Round "3.38"]
[White "Welling, Gerard"]
[Black "Haugstad, Espen"]
[Result "0-1"]
[WhiteElo "2371"]
[BlackElo "2114"]
[PlyCount "68"]
[EventDate "2009.01.27"]

1. g3 Nf6 2. Bg2 d5 3. Nf3 e6 4. O-O Be7 5. c4 O-O 6. b3 c5 7. Bb2 d4 8. b4 Nc6
9. bxc5 Bxc5 10. d3 e5 11. Nbd2 Re8 12. Nb3 Bf8 13. e3 dxe3 14. fxe3 Bg4 15. h3
Bh5 16. e4 a5 17. Rb1 a4 18. Na1 Nb4 19. g4 Bxg4 20. hxg4 Nxg4 21. d4 Ne3 22.
Qd2 Nxf1 23. Rxf1 exd4 24. a3 Nc6 25. Qd3 Bc5 26. Bc1 Qd6 27. Nc2 Bb6 28. Nce1
Bc7 29. Rf2 Re6 30. Rb2 Rae8 31. Re2 Qc5 32. Bd2 Na5 33. Qxd4 Qxa3 34. Bc3 Bb6
0-1

[Event "Gibtelecom Masters"]
[Site "Gibraltar"]
[Date "2009.01.29"]
[Round "3.40"]
[White "Erdelyi, Tamas"]
[Black "Kharous, Ernest"]
[Result "1-0"]
[WhiteElo "2152"]
[BlackElo "2400"]
[PlyCount "97"]
[EventDate "2009.01.27"]

1. Nf3 d6 2. g3 Nf6 3. c4 e5 4. Nc3 c6 5. d3 Be7 6. Rb1 O-O 7. b4 Nbd7 8. Qb3
Rb8 9. b5 Nc5 10. Qc2 Bf5 11. e4 Bg6 12. Bg2 Nfd7 13. O-O f5 14. Nd2 Ne6 15.
Nb3 Rc8 16. bxc6 bxc6 17. Bh3 Ng5 18. Bxg5 Bxg5 19. Bxf5 Bxf5 20. exf5 Rxf5 21.
Qe2 g6 22. Nd2 Qa5 23. Nde4 Be7 24. Rb7 Rd8 25. Qb2 Bf8 26. Qb3 Nc5 27. Nxc5
Qxc5 28. Ne4 Qd4 29. c5+ Qd5 30. cxd6 Bxd6 31. Rc1 Qxb3 32. axb3 Rf7 33. Rxf7
Kxf7 34. Rxc6 Bb8 35. Rc3 Ke6 36. Kf1 Kf5 37. f3 Rd7 38. Rc6 Rf7 39. Ke2 Bc7
40. Ke3 h5 41. h3 Bb6+ 42. Rxb6 axb6 43. Nd6+ Ke6 44. Nxf7 Kxf7 45. Ke4 Ke6 46.
f4 exf4 47. Kxf4 Kf6 48. h4 b5 49. b4 1-0

[Event "Gibtelecom Masters"]
[Site "Gibraltar"]
[Date "2009.01.29"]
[Round "3.41"]
[White "Arnott, Jonathan W"]
[Black "Calzetta, Monica"]
[Result "0-1"]
[WhiteElo "2117"]
[BlackElo "2371"]
[PlyCount "58"]
[EventDate "2009.01.27"]

1. e4 c5 2. d3 Nc6 3. g3 g6 4. Bg2 Bg7 5. f4 d6 6. Nf3 Nf6 7. O-O O-O 8. h3 Rb8
9. g4 b5 10. a4 bxa4 11. Rxa4 a5 12. f5 Nd7 13. c3 Ba6 14. Rf2 Nde5 15. Bf1 d5
16. Nxe5 Nxe5 17. d4 Bxf1 18. Qxf1 Nd7 19. e5 Qb6 20. Be3 cxd4 21. Bxd4 Qc6 22.
Rxa5 Nxe5 23. Qe2 Nc4 24. Rc5 Qd6 25. Bxg7 Rxb2 26. Rxc4 Qg3+ 27. Rg2 Rxb1+ 28.
Qf1 Rxf1+ 29. Kxf1 Qd3+ 0-1

[Event "Gibtelecom Masters"]
[Site "Gibraltar"]
[Date "2009.01.29"]
[Round "3.42"]
[White "Leniart, Arkadiusz"]
[Black "Vinas Guerrero, Carlos A"]
[Result "1-0"]
[WhiteElo "2360"]
[BlackElo "2104"]
[PlyCount "85"]
[EventDate "2009.01.27"]

1. e4 e5 2. Nf3 Nc6 3. Bb5 f5 4. Nc3 fxe4 5. Nxe4 Nf6 6. Qe2 d5 7. Nxf6+ gxf6
8. Nd4 Qd6 9. Qh5+ Kd8 10. Nxc6+ bxc6 11. Be2 Be7 12. Bg4 Qb4 13. Bxc8 Qe4+ 14.
Kf1 Rxc8 15. d3 Qg6 16. Qxg6 hxg6 17. g3 Bc5 18. Bd2 Kd7 19. Kg2 Rb8 20. b3 Bb4
21. Bxb4 Rxb4 22. h4 f5 23. Rhe1 Re8 24. Re2 e4 25. c3 Rbb8 26. dxe4 Rxe4 27.
Rxe4 fxe4 28. f3 Re8 29. fxe4 Rxe4 30. Kf3 c5 31. Rh1 Re7 32. Kf4 a5 33. Kg5
Re6 34. g4 Kd6 35. h5 gxh5 36. gxh5 d4 37. h6 Re8 38. h7 Rh8 39. Kg6 Kd5 40.
Kg7 Rxh7+ 41. Kxh7 Ke4 42. cxd4 cxd4 43. Rc1 1-0

[Event "Gibtelecom Masters"]
[Site "Gibraltar"]
[Date "2009.01.29"]
[Round "3.43"]
[White "Osuna Vega, Enrique"]
[Black "Van Eijk, Sander"]
[Result "0-1"]
[WhiteElo "2130"]
[BlackElo "2355"]
[PlyCount "120"]
[EventDate "2009.01.27"]

1. d4 Nf6 2. Nf3 g6 3. Nc3 d5 4. Bf4 Bg7 5. e3 O-O 6. Be2 c6 7. Ne5 Nfd7 8. h4
Nxe5 9. Bxe5 f6 10. Bg3 e5 11. Qd2 Be6 12. O-O-O Nd7 13. h5 b5 14. hxg6 hxg6
15. Bd3 b4 16. Nb1 e4 17. Be2 a5 18. Bf4 g5 19. Bd6 Re8 20. Bh5 Bf7 21. Qe2 Nf8
22. Bxf7+ Kxf7 23. Bxf8 Rxf8 24. Qh5+ Ke6 25. Qg6 Rg8 26. g4 Kd6 27. Rh7 Qe8
28. Qf5 Qe6 29. Nd2 Qxf5 30. gxf5 a4 31. c3 bxc3 32. bxc3 Bf8 33. Kc2 Be7 34.
c4 Rab8 35. c5+ Kd7 36. Rdh1 g4 37. R1h6 Rbf8 38. Nf1 a3 39. Rg6 Rh8 40. Rh2
Rb8 41. Rxh8 Rxh8 42. Rxg4 Rb8 43. Nd2 Rb2+ 44. Kc1 Rxa2 45. Rg8 Bd8 46. Rg7+
Kc8 47. Ra7 Bc7 48. f3 Kb8 49. Ra4 Bf4 50. Rb4+ Kc7 51. Rb3 Ra1+ 52. Kc2 a2 53.
exf4 Rc1+ 54. Kxc1 a1=Q+ 55. Kc2 Qxd4 56. fxe4 dxe4 57. Rc3 e3 58. Nb3 Qe4+ 59.
Kd1 e2+ 60. Ke1 Qb4 0-1

[Event "Gibtelecom Masters"]
[Site "Gibraltar"]
[Date "2009.01.29"]
[Round "3.44"]
[White "Machin Arbelo, Pedro Alexi"]
[Black "Carlhammar, Magnus"]
[Result "1/2-1/2"]
[WhiteElo "2134"]
[BlackElo "2351"]
[PlyCount "131"]
[EventDate "2009.01.27"]

1. e4 c5 2. Nf3 d6 3. c3 Nf6 4. Bc4 e6 5. Qe2 Nc6 6. O-O Be7 7. d4 cxd4 8. cxd4
d5 9. exd5 Nxd5 10. Nc3 O-O 11. Rd1 b6 12. Bxd5 exd5 13. Qb5 Nb4 14. a3 Bd7 15.
Qe2 Nc6 16. Nxd5 Bd6 17. Bg5 Qb8 18. Rac1 Qb7 19. Qd2 f6 20. Bf4 Bxf4 21. Qxf4
Rad8 22. Qc7 Qxc7 23. Nxc7 Ne7 24. d5 Kf7 25. Nd4 Rc8 26. d6 Ng6 27. Re1 Rfd8
28. Nce6 Re8 29. Rc7 Rxc7 30. dxc7 Rc8 31. Nd8+ Kf8 32. N4e6+ Bxe6 33. Nxe6+
Kf7 34. f4 Ne7 35. g4 g6 36. Kf2 Ke8 37. Rd1 Kf7 38. Re1 h6 39. Kf3 f5 40. h3
Ke8 41. gxf5 gxf5 42. Rd1 Kf7 43. Nd8+ Ke8 44. Ne6 Kf7 45. Nd8+ Ke8 46. Rc1 Kd7
47. Nf7 h5 48. Ne5+ Kd6 49. Kg3 Nd5 50. Rc6+ Ke7 51. Rh6 Rxc7 52. Rxh5 Kf6 53.
Rh6+ Kg7 54. Rg6+ Kh7 55. Rd6 Ne3 56. Kf2 Nc4 57. Rc6 Rxc6 58. Nxc6 a5 59. Ne7
Nxb2 60. Nxf5 Nc4 61. a4 Nb2 62. Nd6 Kg6 63. Ke3 Nxa4 64. Kd4 Nc5 65. Kc4 a4
66. Kb4 1/2-1/2

[Event "Gibtelecom Masters"]
[Site "Gibraltar"]
[Date "2009.01.29"]
[Round "3.45"]
[White "Solomon, Kenny"]
[Black "Ercan, Mehmet Fahri"]
[Result "1-0"]
[WhiteElo "2348"]
[BlackElo "2091"]
[PlyCount "71"]
[EventDate "2009.01.27"]

1. d4 d5 2. Nf3 e6 3. c4 c6 4. Nbd2 Nf6 5. g3 Be7 6. Bg2 O-O 7. O-O Nbd7 8. Qc2
Nb6 9. b3 dxc4 10. bxc4 c5 11. e3 Bd7 12. Ne5 Ba4 13. Qc3 Qc7 14. Bb2 Rad8 15.
Nb3 cxd4 16. exd4 Nfd7 17. Nxd7 Bxd7 18. Nc5 Na4 19. Nxa4 Bxa4 20. Rab1 Rc8 21.
d5 Bf6 22. Qa3 Bc2 23. Bxf6 Bxb1 24. Be7 Bd3 25. Rc1 Rfe8 26. d6 Qd7 27. Qxd3
Rxe7 28. Be4 Ree8 29. Bxh7+ Kf8 30. Be4 b6 31. Bf3 f5 32. g4 e5 33. gxf5 Rcd8
34. Rd1 Kg8 35. Bd5+ Kf8 36. Qh3 1-0

[Event "Gibtelecom Masters"]
[Site "Gibraltar"]
[Date "2009.01.29"]
[Round "3.47"]
[White "Capo Vidal, Uriel"]
[Black "Fryer, David W"]
[Result "1-0"]
[WhiteElo "2336"]
[BlackElo "2080"]
[PlyCount "91"]
[EventDate "2009.01.27"]

1. d4 Nf6 2. c4 g6 3. Nc3 d5 4. Nf3 Bg7 5. Bg5 Ne4 6. cxd5 Nxc3 7. bxc3 Qxd5 8.
Qb3 Qxb3 9. axb3 c5 10. e3 Nc6 11. Bb5 Bd7 12. O-O a6 13. Ra2 Rc8 14. Be2 f5
15. Bf4 h6 16. h4 Bf6 17. Rd1 cxd4 18. exd4 Nd8 19. c4 Nf7 20. Rad2 Nd6 21. Ne5
g5 22. Bh5+ Kd8 23. c5 gxf4 24. cxd6 Bxe5 25. dxe5 e6 26. Bf3 Bc6 27. d7 Rc7
28. Rd6 Bxf3 29. gxf3 Rh7 30. Rxe6 Rcxd7 31. Rxd7+ Kxd7 32. Rd6+ Ke7 33. Rb6
Ke8 34. h5 Re7 35. Rxh6 Rxe5 36. Rb6 Rb5 37. Rxb5 axb5 38. Kf1 Kf7 39. Ke2 Kg7
40. Kd3 Kh6 41. Kd4 Kxh5 42. Ke5 Kg6 43. b4 Kg5 44. Kd5 Kh4 45. Ke6 Kg5 46. Kf7
1-0

[Event "Gibtelecom Masters"]
[Site "Gibraltar"]
[Date "2009.01.29"]
[Round "3.48"]
[White "Fox, Anthony"]
[Black "Klinova, Masha"]
[Result "1/2-1/2"]
[WhiteElo "2085"]
[BlackElo "2328"]
[PlyCount "64"]
[EventDate "2009.01.27"]

1. e4 d6 2. d4 Nf6 3. Nc3 g6 4. Nf3 Bg7 5. Be2 O-O 6. O-O Bg4 7. Be3 Re8 8. h3
Bxf3 9. Bxf3 Nc6 10. d5 Ne5 11. Be2 c6 12. f4 Ned7 13. dxc6 bxc6 14. Qd2 Qc7
15. Rad1 Rab8 16. b3 Qa5 17. Bf3 c5 18. Na4 Qc7 19. c4 Nf8 20. g4 Ne6 21. g5
Nd7 22. e5 Nb6 23. exd6 exd6 24. Nxb6 Rxb6 25. Bd5 Nd4 26. Bxd4 Bxd4+ 27. Kg2
Qd7 28. Rde1 Rbb8 29. Rxe8+ Rxe8 30. Re1 Rxe1 31. Qxe1 Qf5 32. Qe4 Qxe4+
1/2-1/2

[Event "Gibtelecom Masters"]
[Site "Gibraltar"]
[Date "2009.01.29"]
[Round "3.49"]
[White "Miedema, Roi"]
[Black "Perman, Torvald"]
[Result "1-0"]
[WhiteElo "2325"]
[BlackElo "2077"]
[PlyCount "77"]
[EventDate "2009.01.27"]

1. d4 Nf6 2. c4 e6 3. Nc3 Bb4 4. Qc2 O-O 5. Nf3 d5 6. cxd5 exd5 7. Bg5 Qd6 8.
Bxf6 Qxf6 9. a3 Bf5 10. Qb3 Bxc3+ 11. Qxc3 c6 12. e3 Nd7 13. Bd3 Rfe8 14. O-O
Bxd3 15. Qxd3 Qd6 16. b4 a6 17. a4 Nf6 18. b5 cxb5 19. axb5 Rec8 20. bxa6 Rxa6
21. Qf5 Rac6 22. Rab1 Qc7 23. Ne5 Rc2 24. Nd3 Qd7 25. Qxd7 Nxd7 26. Nb4 Rd2 27.
Nxd5 Rb8 28. Rfc1 Nf6 29. Rxb7 Ra8 30. Nxf6+ gxf6 31. Rb5 Raa2 32. Rf5 Kg7 33.
g4 Rdc2 34. Rxc2 Rxc2 35. Kg2 Kg6 36. h4 Rd2 37. Kf3 h6 38. h5+ Kg7 39. Ke4 1-0

[Event "Gibtelecom Masters"]
[Site "Gibraltar"]
[Date "2009.01.29"]
[Round "3.51"]
[White "Armbrust, Florian"]
[Black "Lumsdon, Andrew"]
[Result "1-0"]
[WhiteElo "2321"]
[BlackElo "2051"]
[PlyCount "61"]
[EventDate "2009.01.27"]

1. e4 c6 2. c4 d5 3. cxd5 cxd5 4. exd5 Nf6 5. Bb5+ Bd7 6. Bc4 Bf5 7. Nc3 Qc7 8.
Qb3 a6 9. a4 Bg6 10. Nf3 Nbd7 11. d3 Ne5 12. Nxe5 Qxe5+ 13. Ne2 Qc7 14. O-O h6
15. Bf4 Qd7 16. Rfe1 Bh5 17. Ng3 Bg6 18. Ne4 Bxe4 19. dxe4 g5 20. e5 Nxd5 21.
Bxd5 e6 22. Rad1 exd5 23. e6 fxe6 24. Rxd5 Qc6 25. Rde5 O-O-O 26. Rc1 gxf4 27.
Rxc6+ bxc6 28. Qxe6+ Kc7 29. Re1 Bd6 30. Rc1 Kb7 31. Qb3+ 1-0

[Event "Gibtelecom Masters"]
[Site "Gibraltar"]
[Date "2009.01.29"]
[Round "3.52"]
[White "Compton, Alistair"]
[Black "Ashton, Adam G"]
[Result "0-1"]
[WhiteElo "2079"]
[BlackElo "2321"]
[PlyCount "134"]
[EventDate "2009.01.27"]

1. e4 e5 2. Nf3 Nc6 3. Nc3 Nf6 4. Bb5 Nd4 5. Nxd4 exd4 6. e5 dxc3 7. exf6 Qxf6
8. dxc3 Bc5 9. O-O O-O 10. Bxd7 Bxd7 11. Qxd7 Rae8 12. Qd3 Re5 13. b4 Rd8 14.
Qg3 Bd6 15. Bf4 Re2 16. Bxd6 Rxd6 17. Rfe1 Rdd2 18. Rxe2 Rxe2 19. Rc1 g6 20.
Kf1 Rd2 21. Qe3 Qd6 22. g3 b6 23. a3 a5 24. h4 h5 25. Qe4 Qf6 26. Qe3 Qd6 27.
Qe4 Kg7 28. Re1 Qf6 29. Re2 Rxe2 30. Kxe2 Qxc3 31. bxa5 Qxa5 32. Qd4+ Kh7 33.
Qc4 Qe5+ 34. Kf1 Kg7 35. a4 Kf6 36. Kg2 Ke7 37. Kg1 Qd6 38. Qe4+ Qe6 39. Qb4+
Kd7 40. Qd4+ Kc6 41. Qc3+ Kb7 42. Kf1 Qe4 43. Qb3 Ka7 44. Qc3 Kb7 45. Qb3 Qf5
46. Qc3 Qd5 47. Kg1 c6 48. Kh2 Ka6 49. Qb4 Qf3 50. Qc4+ Ka5 51. Qd4 c5 52. Qc4
Qxf2+ 53. Kh1 Qe1+ 54. Kh2 Qd2+ 55. Kh1 Qd7 56. c3 Qxa4 57. Qxf7 Qe4+ 58. Kh2
Kb5 59. Qd7+ Kc4 60. Qa4+ Kd3 61. Qb5+ Kxc3 62. Qxb6 c4 63. Qf6+ Kc2 64. Qf2+
Kd3 65. Qf6 c3 66. Qa6+ Kd2 67. Qd6+ Ke1 0-1